[Event "TOP 12 Feminin_GroupeA"]
[Site "CHARTRES, France"]
[Date "2024.05.10"]
[Round "2.5"]
[White "JAVAKHISVILI, Lela"]
[Black "BATSIASHVILI, Nino"]
[Result "1/2-1/2"]
[WhiteElo "2447"]
[BlackElo "2445"]
[PlyCount "44"]
[EventDate "2024.??.??"]
[WhiteTeam "Bischwiller"]
[BlackTeam "Juvisy sur Orge"]

1. d4 {6} Nf6 {20} 2. c4 {9} e6 {3} 3. Nc3 {32} Bb4 {33} 4. Qc2 {43} O-O {61}
5. e4 {105} d5 {214} 6. e5 {27} Ne4 {7} 7. Bd3 {57} c5 {31} 8. Nf3 {64} cxd4 {
77} 9. Nxd4 {9} Nd7 {19} 10. Bf4 {52} Qh4 {11} 11. g3 {16} Qh3 {408} 12. Bf1 {
554} Qh5 {197} 13. Be2 {33} Qh3 {79} 14. Bf1 {151} Qh5 {22} 15. Be2 {261} Qh3 {
11} 16. O-O-O {157} Nxc3 {24} 17. bxc3 {12} Ba3+ {3} 18. Kb1 {25} Nb6 {54} 19.
Bf1 {327} Qh5 {14} 20. Be2 {28} Qh3 {33} 21. Bf1 {33} Qh5 {11} 22. Be2 {17} Qh3
{9} 1/2-1/2

[Event "TOP 12 Feminin_GroupeA"]
[Site "CHARTRES, France"]
[Date "2024.05.10"]
[Round "2.6"]
[White "AUBERT, Estee"]
[Black "SEBAG, Marie"]
[Result "0-1"]
[WhiteElo "2023"]
[BlackElo "2437"]
[PlyCount "63"]
[EventDate "2024.??.??"]
[WhiteTeam "Juvisy sur Orge"]
[BlackTeam "Bischwiller"]

1. d4 {18} d5 {6} 2. Bf4 {9} c5 {9} 3. e3 {20} Nc6 {11} 4. c3 {28} Qb6 {20} 5.
Qb3 {146} c4 {224} 6. Qc2 {299} e5 {28} 7. dxe5 {31} Bf5 {35} 8. Qc1 {1794} g5
{67} 9. Bg3 {239} h5 {175} 10. h3 {295} Bg7 {83} 11. Nf3 {132} g4 {103} 12.
hxg4 {257} hxg4 {161} 13. Rxh8 {7} Bxh8 {4} 14. Nd4 {80} Nge7 {58} 15. Nd2 {389
} Bxe5 {94} 16. Bxe5 {54} Nxe5 {6} 17. Nxf5 {134} Nxf5 {6} 18. Qc2 {63} Ne7 {
1269} 19. O-O-O {344} O-O-O {11} 20. Nb1 {272} f5 {873} 21. Qd2 {288} Rh8 {654}
22. Na3 {216} Rh1 {408} 23. Nc2 {352} N5c6 {592} 24. Qe2 {345} Qc7 {239} 25.
Nd4 {199} Nxd4 {36} 26. Rxd4 {35} Qe5 {203} 27. f3 {109} Nc6 {198} 28. Rd1 {3}
Kc7 {28} 29. fxg4 {110} fxg4 {4} 30. Qxg4 {36} Qxe3+ {11} 31. Kc2 {7} Rxf1 {10}
32. Qg7+ {61} 0-1

[Event "TOP 12 Feminin_GroupeA"]
[Site "CHARTRES, France"]
[Date "2024.05.10"]
[Round "2.7"]
[White "MAISURADZE, Nino"]
[Black "AUVRAY, Honorine"]
[Result "1-0"]
[WhiteElo "2189"]
[BlackElo "2033"]
[PlyCount "94"]
[EventDate "2024.??.??"]
[WhiteTeam "Bischwiller"]
[BlackTeam "Juvisyr sur Orge"]

1. d4 {2} d5 {73} 2. Nf3 {47} e6 {32} 3. Bg5 {73} Be7 {48} 4. Bxe7 {24} Qxe7 {7
} 5. c3 {51} Nf6 {49} 6. Nbd2 {12} O-O {167} 7. Qc2 {19} b6 {78} 8. Ne5 {1619}
Bb7 {190} 9. e3 {168} c5 {366} 10. Bd3 {814} Nc6 {518} 11. f4 {169} c4 {1868}
12. Be2 {268} Nd7 {192} 13. Nxd7 {217} Qxd7 {35} 14. e4 {100} dxe4 {280} 15.
Nxe4 {107} Ne7 {310} 16. O-O {1245} Rac8 {330} 17. Ng5 {78} Ng6 {130} 18. Bh5 {
370} Qb5 {400} 19. Rae1 {167} Rcd8 {291} 20. Bxg6 {169} hxg6 {18} 21. Qf2 {19}
Rd5 {127} 22. Re2 {308} Rxg5 {187} 23. fxg5 {3} Qxg5 {10} 24. Re5 {5} Qe7 {106}
25. Qe2 {41} Qd7 {110} 26. Qxc4 {47} Bd5 {17} 27. Qb4 {50} Qc6 {84} 28. Rf2 {26
} f6 {43} 29. Re1 {23} Kf7 {45} 30. a4 {39} Qc7 {57} 31. Re3 {33} Rh8 {18} 32.
g3 {37} Ba8 {147} 33. c4 {15} Re8 {49} 34. Rfe2 {26} a5 {20} 35. Qc3 {30} Bc6 {
38} 36. d5 {25} Bxa4 {21} 37. Rxe6 {31} Qc5+ {12} 38. Qe3 {41} Rxe6 {30} 39.
Qxc5 {36} bxc5 {29} 40. Rxe6 {26} Bb3 {9} 41. Rc6 {39} Bxc4 {14} 42. Rxc5 {5}
Bb3 {7} 43. Rxa5 {11} Ke7 {26} 44. Ra7+ {32} Kd6 {4} 45. Rxg7 {13} Bc2 {30} 46.
Rf7 {23} Ke5 {23} 47. d6 {51} Kd5 {37} 1-0

[Event "TOP 12 Feminin_GroupeA"]
[Site "CHARTRES, France"]
[Date "2024.05.10"]
[Round "2.8"]
[White "GRIMAULT, Leane"]
[Black "BELLAHCENE, Sofia"]
[Result "0-1"]
[WhiteElo "1924"]
[BlackElo "2000"]
[PlyCount "98"]
[EventDate "2024.??.??"]
[WhiteTeam "Juvisy sur Orge"]
[BlackTeam "Bischwiller"]

1. c4 {3} c5 {38} 2. g3 {50} Nf6 {73} 3. Bg2 {59} d5 {14} 4. cxd5 {114} Nxd5 {
17} 5. Nc3 {32} Nc7 {54} 6. Nf3 {123} Nc6 {31} 7. d3 {87} e5 {208} 8. O-O {108}
Be7 {68} 9. Bd2 {311} O-O {136} 10. h4 {141} Rb8 {116} 11. Ne4 {365} Bd7 {830}
12. Re1 {581} h6 {236} 13. Qc1 {602} Ne6 {254} 14. Bc3 {390} Qc7 {358} 15. Bd2
{479} Ncd4 {434} 16. Be3 {812} Nxf3+ {380} 17. Bxf3 {22} f5 {355} 18. Nc3 {100}
f4 {89} 19. Bd2 {185} Nd4 {531} 20. Bh1 {516} Qd8 {126} 21. Ne4 {259} fxg3 {419
} 22. fxg3 {34} Bg4 {33} 23. Qd1 {647} Nf5 {126} 24. Bc3 {90} Nd4 {54} 25. Qd2
{32} b5 {257} 26. b4 {37} cxb4 {57} 27. Bxd4 {15} Qxd4+ {66} 28. e3 {19} Qd7 {
26} 29. Nf2 {33} Bf3 {43} 30. Bxf3 {54} Rxf3 {3} 31. Kg2 {30} Rbf8 {2} 32. Rf1
{7} Bc5 {151} 33. Rae1 {40} Qc6 {44} 34. Ne4 {35} Bxe3 {56} 35. Qb2 {36} Rxf1 {
38} 36. Rxf1 {10} Rxf1 {60} 37. Kxf1 {4} Qc1+ {78} 38. Qxc1 {6} Bxc1 39. Ke2 {
37} a5 {36} 40. Nd6 {46} a4 {62} 41. Nxb5 {72} Bb2 {11} 42. Kd2 {31} Kf7 {16}
43. Kc2 {40} Bd4 {15} 44. Nd6+ {32} Ke7 {75} 45. Nf5+ {34} Kf6 {8} 46. g4 {13}
h5 {12} 47. Ng3 {17} hxg4 {8} 48. Kb1 {54} Kg6 {44} 49. Ne4 {33} Kh5 {15} 0-1

[Event "TOP 12 Feminin_GroupeA"]
[Site "CHARTRES, France"]
[Date "2024.05.10"]
[Round "2.9"]
[White "IGLESIAS, Yosha"]
[Black "SEITE, Yamina"]
[Result "1-0"]
[WhiteElo "2318"]
[BlackElo "1914"]
[PlyCount "55"]
[EventDate "2024.??.??"]
[WhiteTeam "Asnieres sur Seine"]
[BlackTeam "Domloup"]

1. d4 {4} d5 {6} 2. Nf3 {4} Nf6 {8} 3. c3 {11} e6 {166} 4. Bg5 {7} Be7 {116} 5.
Nbd2 {55} O-O {95} 6. e3 {27} Nbd7 {225} 7. Bd3 {46} c5 {271} 8. Ne5 {98} Nxe5
{627} 9. dxe5 {6} Nd7 {7} 10. Bxe7 {13} Qxe7 {6} 11. f4 {4} f6 {756} 12. exf6 {
8} Nxf6 {7} 13. Nf3 {36} b6 {197} 14. O-O {75} a5 {220} 15. Qe2 {327} Bb7 {883}
16. Rae1 {314} g6 {354} 17. h3 {556} Qd6 {383} 18. Rd1 {673} Nh5 {254} 19. Kh2
{152} Nf6 {492} 20. g3 {110} Qc7 {147} 21. Rfe1 {157} Nd7 {96} 22. Ng5 {210}
Rf6 {82} 23. e4 {81} e5 {90} 24. exd5 {104} Bxd5 {471} 25. Bc4 {265} Bxc4 {25}
26. Qxc4+ {5} Kh8 {39} 27. Qd5 {59} Nf8 {66} 28. Qxa8 {48} 1-0

[Event "TOP 12 Feminin_GroupeA"]
[Site "CHARTRES, France"]
[Date "2024.05.10"]
[Round "2.10"]
[White "LE MAREC, Laura"]
[Black "GUICHARD, Pauline"]
[Result "0-1"]
[WhiteElo "1843"]
[BlackElo "2362"]
[PlyCount "106"]
[EventDate "2024.??.??"]
[WhiteTeam "Domloup"]
[BlackTeam "Asnieres sur Seine"]

1. c4 {4} e5 {9} 2. Nc3 {15} Nf6 {8} 3. g3 {35} Bb4 {19} 4. Bg2 {64} O-O {27}
5. e4 {50} Bxc3 {45} 6. bxc3 {14} c6 {24} 7. Ne2 {172} d5 {26} 8. exd5 {99}
cxd5 {8} 9. cxd5 {158} Nxd5 {7} 10. d4 {263} exd4 {38} 11. Qxd4 {462} Be6 {20}
12. O-O {80} Nc6 {8} 13. Qc5 {202} Qb6 {711} 14. Qxb6 {168} Nxb6 {6} 15. Nf4 {
466} Bc4 {22} 16. Rd1 {163} Rfd8 {626} 17. Be3 {202} f6 {261} 18. h4 {157} Kf7
{27} 19. a4 {832} Na5 {894} 20. Bf3 {575} Bb3 {375} 21. Bxb6 {736} axb6 {4} 22.
Bd5+ {311} Bxd5 {12} 23. Rxd5 {51} Nc4 {152} 24. Rad1 {67} Rxd5 {259} 25. Rxd5
{2} Ke7 {27} 26. Rd4 {82} Rxa4 {109} 27. Nd5+ {92} Kf8 {291} 28. Kg2 {249} Nb2
{265} 29. Nxb6 {272} Rxd4 {14} 30. cxd4 Ke7 {34} 31. Kf3 {71} Kd6 {43} 32. Ke4
{68} Nd1 {164} 33. Nc4+ {19} Kc7 {541} 34. f3 {51} b5 {14} 35. Nd2 {73} Kd6 {
230} 36. h5 {90} b4 {438} 37. Nc4+ {62} Kd7 {28} 38. Kd3 {53} Kc6 {91} 39. Nd2
{21} Kd5 {96} 40. g4 {41} Nb2+ {193} 41. Kc2 Nc4 {6} 42. Ne4 {61} h6 {70} 43.
Ng3 {26} Nd6 {226} 44. Kb3 {32} Kxd4 {33} 45. Kxb4 {21} Ke3 {13} 46. Kc5 {37}
Kxf3 {16} 47. Nf1 {41} Ne4+ {54} 48. Kd5 {22} Ng3 {146} 49. g5 {38} Nxf1 {41}
50. gxh6 {25} gxh6 {9} 51. Ke6 {10} Kg4 {6} 52. Kxf6 {11} Kxh5 {4} 53. Kf5 {5}
Nd2 {15} 0-1

[Event "TOP 12 Feminin_GroupeA"]
[Site "CHARTRES, France"]
[Date "2024.05.10"]
[Round "2.11"]
[White "NICOARA, Malina"]
[Black "LANGER, Karele"]
[Result "1/2-1/2"]
[WhiteElo "2054"]
[BlackElo "1760"]
[PlyCount "108"]
[EventDate "2024.??.??"]
[WhiteTeam "Asnieres sur Seine"]
[BlackTeam "Domloup"]

1. d4 {24} Nf6 {12} 2. c4 {8} c5 {58} 3. d5 {6} b5 {75} 4. cxb5 {7} e6 {58} 5.
Nc3 {85} exd5 {185} 6. Nxd5 {1058} Bb7 {149} 7. Nxf6+ {19} Qxf6 {110} 8. Nf3 {
58} Be7 {183} 9. Qb3 {641} d5 {688} 10. Bg5 {578} Qe6 {203} 11. Bxe7 {51} Qxe7
{51} 12. g3 {84} O-O {135} 13. Bg2 {4} a6 {117} 14. bxa6 {426} Nxa6 {68} 15.
O-O {21} c4 {273} 16. Qc3 {245} Nc5 {170} 17. Nd4 {116} Rfe8 {420} 18. a3 {1147
} Rac8 {782} 19. Rad1 {163} Ne4 {297} 20. Qc1 {233} Qf6 {261} 21. Nb5 {780} Rc5
{334} 22. a4 {34} Qa6 {152} 23. Bxe4 {99} Rxe4 {135} 24. Qg5 {29} Qf6 {89} 25.
Qxf6 {11} gxf6 {2} 26. Nc3 {21} Re7 {41} 27. Rd4 {6} Bc6 {140} 28. Rfd1 {6} Ra7
{120} 29. e3 {21} Raa5 {256} 30. R1d2 {46} Kf8 {39} 31. Rh4 {131} Bxa4 {115}
32. b4 {39} cxb3 {113} 33. Rxa4 {55} Rxa4 {69} 34. Nxa4 {4} Rc2 {7} 35. Rd1 {6}
b2 {29} 36. Nxb2 {2} Rxb2 {2} 37. Rxd5 {4} Kg7 {38} 38. Kg2 {4} Kg6 {13} 39. h4
{9} h5 {68} 40. Rc5 {16} Rd2 {71} 41. Kf3 {9} f5 {53} 42. Rc6+ {28} f6 {23} 43.
Rc4 {36} Rd5 {32} 44. Kf4 {131} Rd2 {88} 45. f3 {16} Rf2 {36} 46. Rc5 {33} Rf1
{55} 47. Rxf5 {7} Rxf3+ {3} 48. Kxf3 {5} Kxf5 {1} 49. e4+ {7} Ke5 {41} 50. Ke3
{243} f5 {98} 51. exf5 {4} Kxf5 {2} 52. Kf3 {4} Ke5 {29} 53. Ke3 {2} Kf5 {2}
54. g4+ {20} Ke5 {8} 1/2-1/2

[Event "TOP 12 Feminin_GroupeA"]
[Site "CHARTRES, France"]
[Date "2024.05.10"]
[Round "2.12"]
[White "GIROD, Sarah"]
[Black "MOINGT, Anne"]
[Result "0-1"]
[WhiteElo "1682"]
[BlackElo "2006"]
[PlyCount "66"]
[EventDate "2024.??.??"]
[WhiteTeam "Domloup"]
[BlackTeam "Asnieres sur Seine"]

1. e4 {3} c5 {9} 2. Nc3 {4} Nc6 {12} 3. Bb5 {5} Nd4 {27} 4. Bc4 {6} e6 {43} 5.
Nf3 {120} Nf6 {95} 6. d3 {10} a6 {154} 7. O-O {140} b5 {223} 8. Bb3 {9} Nxb3 {
12} 9. axb3 {8} Bb7 {6} 10. e5 {516} Nd5 {290} 11. Ne4 {590} f5 {276} 12. Bg5 {
703} Qc7 {320} 13. Ng3 {32} h6 {389} 14. Bd2 {150} Be7 {146} 15. Re1 {236} O-O
{1111} 16. Nh5 {581} Qc6 {344} 17. Qc1 {1120} Kh7 {711} 18. h4 {800} Nb4 {1030}
19. Nxg7 {374} Rg8 {60} 20. Bxh6 {7} Rxg7 {9} 21. Bxg7 {6} Kxg7 {8} 22. Kh2 {
315} Rh8 {68} 23. Rh1 {159} Qc7 {46} 24. Qf4 {32} Bxf3 {79} 25. gxf3 {177}
Rxh4+ {36} 26. Qxh4 {4} Bxh4 {4} 27. Rag1+ {5} Kf7 {162} 28. Kg2 {9} Qxe5 {226}
29. Rxh4 {13} Qxb2 {28} 30. Kh3 {59} Qxc2 {102} 31. Rh7+ {5} Kf6 {26} 32. f4 {
47} Qxd3+ {23} 33. Kh4 {6} Qe2 {50} 0-1

[Event "TOP 12 Feminin_GroupeA"]
[Site "CHARTRES, France"]
[Date "2024.05.11"]
[Round "3.1"]
[White "BATSIASHVILI, Nino"]
[Black "GAPONENKO, Inna"]
[Result "1/2-1/2"]
[WhiteElo "2445"]
[BlackElo "2332"]
[PlyCount "150"]
[EventDate "2024.??.??"]
[WhiteTeam "Juvisy sur Orge"]
[BlackTeam "Asnières sur Seine"]

1. d4 {6} d5 {13} 2. c4 {12} e6 {13} 3. Nf3 {5} Nf6 {9} 4. Nc3 {24} c5 {303} 5.
e3 {93} Nc6 {702} 6. a3 {35} dxc4 {86} 7. Bxc4 {12} a6 {4} 8. O-O {235} b5 {19}
9. Ba2 {1} Bb7 {8} 10. Qe2 {30} cxd4 {441} 11. Rd1 {14} b4 {6} 12. axb4 {979}
Nxb4 {825} 13. Bb3 {209} d3 {2729} 14. Ba4+ {22} Bc6 {19} 15. Bxc6+ {133} Nxc6
{1} 16. Rxd3 {7} Qb6 {69} 17. e4 {38} Nb4 {107} 18. Rd4 {457} Bc5 {379} 19. Rc4
{11} Ng4 {81} 20. Na4 {131} Bxf2+ {12} 21. Kf1 {371} Qb5 {6} 22. Nc3 {646} Qb6
{6} 23. Nd1 {63} Bc5 {176} 24. e5 {4} h5 {20} 25. h3 {142} Nh6 26. Bxh6 {10}
Rxh6 {3} 27. Rac1 {19} Be7 {63} 28. Rc8+ {204} Rxc8 {2} 29. Rxc8+ {5} Kd7 {65}
30. Qc4 {178} Qb7 {139} 31. Rg8 {16} Rg6 {23} 32. Ne3 {106} Qb5 {23} 33. Qxb5+
{39} axb5 {1} 34. Rb8 {1} Bc5 {49} 35. Nd1 {136} Nd3 {45} 36. Rb7+ {23} Kc6 {34
} 37. Rxf7 {3} b4 {4} 38. h4 {439} Rg4 {7} 39. Ng5 {14} Rxh4 {82} 40. Nxe6 {67}
Rh1+ {30} 41. Ke2 {4} Nc1+ {26} 42. Kf3 {613} Rxd1 {6} 43. Rc7+ {7} Kb6 {4} 44.
Rxc5 {16} Nd3 {4} 45. Rd5 {104} Ne1+ {5} 46. Ke4 {5} Rxd5 {6} 47. Kxd5 {3} Nxg2
{5} 48. Nxg7 {309} h4 {6} 49. e6 {88} Nf4+ {25} 50. Ke4 {66} Ng6 {57} 51. Kf5 {
225} Ne7+ {5} 52. Kg4 {17} Kc5 {133} 53. Kxh4 {25} Kd6 {112} 54. Kg5 {2} Ke5 {8
} 55. b3 {14} Nd5 {45} 56. Kg6 {6} Kd4 {19} 57. Kf5 {327} Ne7+ {16} 58. Kf6 {
257} Nd5+ {4} 59. Kf7 {12} Kc3 {6} 60. Nh5 {80} Kxb3 {26} 61. Nf4 {20} Nb6 {115
} 62. Ke8 {82} Kc4 {30} 63. Kd8 {13} b3 {14} 64. e7 {18} b2 {2} 65. e8=Q {7}
b1=Q {4} 66. Qc6+ {22} Kd4 {5} 67. Qf6+ {77} Ke3 {43} 68. Ng2+ {15} Kd2 {61}
69. Qf2+ {7} Kc3 {18} 70. Qf6+ {27} Kd2 {19} 71. Qf4+ {6} Kc3 {20} 72. Qe5+ {7}
Kb4 {85} 73. Qd4+ {38} Kb5 {66} 74. Ne3 {40} Qb4 {25} 75. Qxb4+ {40} Kxb4 {4}
1/2-1/2

[Event "TOP 12 Feminin_GroupeA"]
[Site "CHARTRES, France"]
[Date "2024.05.11"]
[Round "3.2"]
[White "GUICHARD, Pauline"]
[Black "AUBERT, Estee"]
[Result "1-0"]
[WhiteElo "2362"]
[BlackElo "2023"]
[Annotator ",jmourgues41@gmail.co"]
[PlyCount "119"]
[EventDate "2024.??.??"]
[WhiteTeam "Asnieres sur Seine"]
[BlackTeam "Juvisy sur Orge"]

1. d4 {2} d5 {12} 2. c4 {10} dxc4 {12} 3. e3 {12} Nf6 {70} 4. Bxc4 {39} a6 {9}
5. Nf3 {19} b5 {25} 6. Bd3 {219} Bb7 {29} 7. a4 {155} b4 {31} 8. a5 {125} e6 {
126} 9. Nbd2 {12} c5 {491} 10. O-O {305} Be7 {108} 11. Qe2 {468} Nbd7 {966} 12.
e4 {914} cxd4 {179} 13. e5 {9} Nd5 {131} 14. Nb3 {103} Nc5 {125} 15. Nxc5 {220}
Bxc5 {4} 16. Ng5 {27} h6 {1122} 17. Qh5 {258} Qd7 {45} 18. Nxf7 {871} O-O {19}
19. Nxh6+ {22} gxh6 {114} 20. Bxh6 {14} Rf7 {281} 21. Bg6 {356} Rg7 {102} 22.
Rac1 {491} Ba7 {123} 23. h4 {431} Rf8 {220} 24. g3 {333} d3 {427} 25. Rc4 {196}
Ne3 {315} 26. fxe3 {448} Rxf1+ {10} 27. Kxf1 d2 {73} 28. Bc2 {14} Rf7+ {619}
29. Kg1 {178} Bf3 {6} 30. Qg6+ {40} Kh8 {7} 31. Kh2 {29} Bb7 {55} 32. Rf4 {31}
Rxf4 {69} 33. gxf4 {30} d1=Q {21} 34. Qf6+ {26} Kg8 {28} 35. Qg6+ {33} Kh8 {13}
36. Bxd1 {27} Qd2+ {26} 37. Kh3 {5} Qxe3+ {55} 38. Qg3 {40} Bg2+ {198} 39. Kxg2
{34} Qg1+ {6} 40. Kh3 {10} Qh1+ {6} 41. Qh2 {62} Qxd1 {8} 42. Qg2 {20} Qd7 {123
} 43. Bg5 {29} b3 {186} 44. Bf6+ {31} Kh7 {3} 45. Qe4+ {42} Kh6 {9} 46. Bg5+ {
28} Kg7 {14} 47. h5 {13} Qf7 {92} 48. h6+ {26} Kg8 {12} 49. Qa8+ {30} Kh7 {11}
50. Qe4+ {4} Kg8 {3} 51. Kg4 {37} Bc5 {93} 52. Qa8+ {48} Kh7 {13} 53. Qe4+ {14}
Kg8 {4} 54. Qd3 {17} Bf2 {174} 55. h7+ {48} Qxh7 {10} 56. Qd8+ {6} Kf7 {49} 57.
Qe7+ {10} Kg8 {4} 58. Qe8+ {8} Kg7 {7} 59. Bf6+ {10} Kh6 {6} 60. Qh5# {9} 1-0

[Event "TOP 12 Feminin_GroupeA"]
[Site "CHARTRES, France"]
[Date "2024.05.11"]
[Round "3.3"]
[White "AUVRAY, Honorine"]
[Black "IGLESIAS, Yosha"]
[Result "0-1"]
[WhiteElo "2033"]
[BlackElo "2318"]
[PlyCount "114"]
[EventDate "2024.??.??"]
[WhiteTeam "Juvisy sur Orge"]
[BlackTeam "Asnieres sur Seine"]

1. c4 {4} c6 {4} 2. Qa4 {44} d6 {139} 3. d4 {312} Nd7 {14} 4. e4 {205} e5 {142}
5. Nf3 {462} exd4 {356} 6. Nxd4 {72} g6 {7} 7. Nc3 {281} Bg7 {48} 8. Be3 {500}
Ngf6 {35} 9. Qd1 {140} O-O {39} 10. Be2 {285} Re8 {106} 11. Qc2 {538} Nc5 {503}
12. f3 {123} d5 {817} 13. Nxc6 {773} bxc6 {201} 14. Bxc5 {36} dxe4 {44} 15. O-O
{238} Bf5 {28} 16. Rad1 {537} Qc8 {228} 17. g4 {415} exf3 {111} 18. gxf5 {43}
fxe2 {10} 19. Nxe2 {25} Re5 {76} 20. Bd4 {182} Rxf5 {18} 21. Rxf5 {6} Qxf5 {88}
22. Qxf5 {7} gxf5 {4} 23. Rf1 {26} Re8 {1447} 24. Ng3 {74} Ne4 {45} 25. Bxg7 {
190} Nxg3 {26} 26. hxg3 {15} Kxg7 {7} 27. Rxf5 {11} Re2 {14} 28. Rf2 {132} Re4
{36} 29. b3 {29} Kg6 {15} 30. Rd2 {51} a5 {41} 31. Kf2 {21} h5 {289} 32. Kf3 {
126} Re1 {120} 33. Rd6+ {29} Kg5 {41} 34. Rxc6 {99} Rf1+ {3} 35. Kg2 {20} Rc1 {
26} 36. Rc8 {62} Rc2+ {48} 37. Kf3 {23} Rxa2 {13} 38. Rc5+ {82} f5 {17} 39. Rc8
{101} Ra3 {536} 40. Rg8+ {28} Kf6 {3} 41. Kf4 {70} Rxb3 {16} 42. Rf8+ {14} Ke6
{4} 43. Re8+ {31} Kd6 {85} 44. Ra8 {51} Ra3 {43} 45. Kxf5 {140} Kc5 {53} 46.
Rc8+ {19} Kb4 {195} 47. Kf4 {28} Rc3 {29} 48. Rb8+ {68} Kxc4 {12} 49. Rh8 {12}
Kb3 {146} 50. Rxh5 {12} Rc4+ {6} 51. Kf3 {72} a4 {5} 52. g4 {60} a3 {10} 53. g5
{39} a2 {28} 54. Rh1 {8} Kb2 {10} 55. g6 {35} a1=Q {18} 56. Rxa1 {64} Kxa1 {4}
57. g7 {15} Rc8 {5} 0-1

[Event "TOP 12 Feminin_GroupeA"]
[Site "CHARTRES, France"]
[Date "2024.05.11"]
[Round "3.4"]
[White "MOINGT, Anne"]
[Black "GRIMAULT, Leane"]
[Result "0-1"]
[WhiteElo "2006"]
[BlackElo "1924"]
[PlyCount "158"]
[EventDate "2024.??.??"]
[WhiteTeam "Asnieres sur Seine"]
[BlackTeam "Juvisy sur Orge"]

1. e4 {1} g6 {70} 2. d4 {12} d5 {12} 3. exd5 {23} Qxd5 {17} 4. Nc3 {11} Qd8 {19
} 5. h3 {491} Bg7 {53} 6. Nf3 {8} Nf6 {510} 7. Bc4 {98} O-O {36} 8. O-O {15}
Bf5 {98} 9. Re1 {226} Nc6 {323} 10. a3 {579} a6 {601} 11. Bf4 {330} b5 {395}
12. Ba2 {10} Bc8 {951} 13. Qd2 {374} Bb7 {90} 14. Rad1 {397} b4 {271} 15. Na4 {
31} bxa3 {310} 16. Nc5 {35} Rb8 {42} 17. Nxb7 {56} Rxb7 {17} 18. bxa3 {12} e6 {
97} 19. Qe2 {432} Nd5 {281} 20. Bxd5 {616} Qxd5 {30} 21. Qxa6 {45} Ra7 {13} 22.
Qd3 {29} Rfa8 {19} 23. Bc1 {401} Ra4 {88} 24. c3 {334} Na5 {126} 25. Ne5 {531}
Nc4 {684} 26. Ng4 {15} Nxa3 {147} 27. Bh6 {220} Nc4 {139} 28. Rb1 {74} Qd8 {543
} 29. Qg3 {123} Bxh6 {142} 30. Nxh6+ {4} Kg7 {7} 31. Ng4 {21} h5 {57} 32. Ne5 {
140} Nd6 {21} 33. Qf3 {86} Ra3 {77} 34. Rec1 {69} Nf5 {50} 35. Qf4 {124} Qe8 {
56} 36. Nd3 {120} R8a7 {65} 37. Qe5+ {77} Kg8 {1} 38. Nc5 {33} Nd6 {39} 39. Rb4
{130} Ra8 {22} 40. Qe3 {127} Nf5 {25} 41. Qf4 {15} Ne7 {36} 42. c4 {59} Qd8 {61
} 43. Rb7 {45} Nf5 {35} 44. Qxc7 {84} Qxc7 {15} 45. Rxc7 {3} Nxd4 {7} 46. Rd1 {
19} Ra1 {15} 47. Rxa1 {12} Rxa1+ {1} 48. Kh2 {6} Ra2 {20} 49. Ne4 {75} Re2 {53}
50. Nf6+ {93} Kg7 {4} 51. Ne8+ {49} Kf8 {7} 52. Nd6 {26} Rxf2 {11} 53. c5 {11}
h4 {35} 54. Kg1 {33} Rf4 {34} 55. c6 {64} e5 {70} 56. Nb7 {34} Ne6 {36} 57.
Rc8+ {30} Ke7 {23} 58. Rh8 {29} g5 {43} 59. Rg8 {14} Rc4 {18} 60. Na5 {41} Rc5
{23} 61. Ra8 {32} e4 {59} 62. Kf2 {37} f5 {47} 63. Ra7+ {21} Kf6 {10} 64. Ke3 {
27} Ke5 {35} 65. Kd2 {45} f4 {62} 66. Ra6 {14} Kd5 {50} 67. Ra8 {31} Ke5 {21}
68. Ra6 {4} Nd4 {35} 69. Kd1 {63} e3 {17} 70. Ra8 {17} Nxc6 {41} 71. Nxc6+ {8}
Rxc6 {5} 72. Ra5+ {35} Kf6 {4} 73. Rb5 {18} Ra6 {35} 74. Rb2 {45} Ra5 {52} 75.
Ke2 {14} Rd5 {40} 76. Kf3 {5} Ke5 {18} 77. Ra2 {22} Kd4 {21} 78. Ra3 {49} Kc4 {
19} 79. Ra8 {32} Rd2 {33} 0-1

[Event "TOP 12 Feminin_GroupeA"]
[Site "CHARTRES, France"]
[Date "2024.05.11"]
[Round "3.5"]
[White "LE MAREC, Laura"]
[Black "MATNADZE BUJIASHVILI, Ann"]
[Result "0-1"]
[WhiteElo "1843"]
[BlackElo "2369"]
[PlyCount "74"]
[EventDate "2024.??.??"]
[WhiteTeam "Domloup"]
[BlackTeam "Grasse"]

1. e4 {3} c5 {9} 2. Nc3 {23} Nc6 {6} 3. Bb5 {20} Nd4 {21} 4. Bc4 {9} g6 {32} 5.
Nf3 {289} Bg7 {32} 6. O-O {101} d6 {120} 7. Nxd4 {360} cxd4 {84} 8. Qf3 {100}
e6 {319} 9. Nb5 {94} a6 {136} 10. Qa3 {311} axb5 {188} 11. Qxa8 {176} bxc4 {5}
12. d3 {675} Ne7 {95} 13. Qa4+ {378} Bd7 {32} 14. Qxc4 {293} O-O {103} 15. Bg5
{330} f6 {323} 16. Bf4 {90} d5 {96} 17. Qb4 {489} e5 {62} 18. Bd2 {74} Bc6 {97}
19. f3 {245} Qd7 {140} 20. a4 {48} Ra8 {201} 21. a5 {123} f5 {550} 22. Bg5 {151
} Nc8 {50} 23. a6 {468} bxa6 {34} 24. Ra5 {146} h6 {105} 25. Bd2 {111} Ne7 {396
} 26. Rfa1 {86} Bb7 {22} 27. Qb6 {189} dxe4 {93} 28. fxe4 {24} fxe4 {68} 29.
dxe4 {150} Bxe4 {310} 30. Rxa6 {136} Qg4 {637} 31. Rxa8+ {67} Kh7 {7} 32. Kf2 {
352} Qxg2+ {5} 33. Ke1 {5} Qh1+ {145} 34. Ke2 {128} Qxh2+ {163} 35. Kf1 {91}
Bg2+ {73} 36. Ke2 {89} Bd5+ {63} 37. Kf1 {83} Bc4+ {11} 0-1

[Event "TOP 12 Feminin_GroupeA"]
[Site "CHARTRES, France"]
[Date "2024.05.11"]
[Round "3.6"]
[White "MILLIET, Sophie"]
[Black "SEITE, Yamina"]
[Result "1-0"]
[WhiteElo "2385"]
[BlackElo "1914"]
[PlyCount "61"]
[EventDate "2024.??.??"]
[WhiteTeam "Grasse"]
[BlackTeam "Domloup"]

1. e4 {5} e6 {8} 2. d4 {12} d5 3. e5 {4} c5 {6} 4. c3 {4} Nc6 {4} 5. Nf3 {3}
Bd7 {7} 6. Be2 {11} f6 {24} 7. O-O {26} fxe5 {327} 8. Nxe5 {12} Nxe5 {16} 9.
dxe5 {4} Qc7 {46} 10. Bf4 {17} Ne7 {73} 11. c4 {56} Ng6 {251} 12. Bg3 {74} d4 {
69} 13. Nd2 {428} Be7 {485} 14. Bd3 {157} O-O-O {927} 15. f4 {466} Bh4 {692}
16. Ne4 {236} Bxg3 {181} 17. hxg3 {11} Rdf8 {161} 18. b4 {591} cxb4 {222} 19.
Rb1 {530} Ne7 {201} 20. Nd6+ {29} Kb8 {12} 21. Rxb4 {62} Bc6 {222} 22. Qe2 {
1022} Ka8 {399} 23. Rfb1 {54} Rb8 {37} 24. Qb2 {805} Nf5 {277} 25. Bxf5 {17}
exf5 {7} 26. Qxd4 {25} b6 {164} 27. c5 {120} bxc5 {156} 28. Qxc5 {8} Rxb4 {37}
29. Rxb4 {6} Rb8 {20} 30. Rxb8+ {419} Kxb8 {9} 31. e6 {22} 1-0

[Event "TOP 12 Feminin_GroupeA"]
[Site "CHARTRES, France"]
[Date "2024.05.11"]
[Round "3.7"]
[White "LANGER, Karele"]
[Black "FORESTIER, Carole"]
[Result "0-1"]
[WhiteElo "1760"]
[BlackElo "1999"]
[PlyCount "44"]
[EventDate "2024.??.??"]
[WhiteTeam "Domloup"]
[BlackTeam "Grasse"]

1. e4 {3} e6 {7} 2. d4 {5} d5 {4} 3. Nc3 {10} Nf6 {9} 4. e5 {15} Nfd7 {22} 5.
f4 {46} c5 {5} 6. Nf3 {32} Nc6 {3} 7. Be3 {66} cxd4 {5} 8. Bxd4 {473} Nxd4 {198
} 9. Nxd4 {183} a6 {85} 10. Qd2 {473} b5 {243} 11. Nf3 {325} Nc5 {667} 12. a3 {
408} Qb6 {515} 13. Qd4 {384} Rb8 {72} 14. Be2 {425} b4 {216} 15. axb4 {106}
Qxb4 {14} 16. Qxb4 {2} Rxb4 {8} 17. Ra2 {190} Rxf4 {218} 18. O-O {20} Be7 {26}
19. Bd3 {337} O-O {170} 20. Ne2 {27} Rb4 {66} 21. Ned4 {152} Nxd3 {15} 22. cxd3
{12} Bc5 {4} 0-1